000 00699nam a2200241 ar4500
001 1052
003 OSt
005 20240801095543.0
008 081105s xxu a 00110 eng d
020 _a0131968785(pbk) :
_cSR 282.00
040 _cn
082 0 4 _a658 G875 2006
100 1 _aGriffin, Ricky W.
245 1 0 _aBusiness /
_cR. Griffin, Ronald Ebert.
250 _a8th ed.
260 _aUpper Saddle River, NJ :
_bPearson/Prentice Hall,
_c2006.
300 _axxiv, 595 p. :
_bcol. ill. ;
_c28 cm.
504 _aIncludes bibl. references and index.
650 4 _aIndustrial management.
650 4 _aBusiness enterprises.
700 0 _aEbert, Ronald J.,
_ejt. auth.
942 _2ddc
_cBK-EN
999 _c1051
_d1051